Oxford Advanced Learner's Dictionary of Current English /

Сохранить в:
Библиографические подробности
Главный автор: AS. Hornby
Формат: Неизвестно
Опубликовано: 2005.
Предметы:
Метки: Добавить метку
Нет меток, Требуется 1-ая метка записи!
Thư viện lưu trữ: Mạng thư viện Đại học Đà Nẵng
LEADER 00852na a2200253 4500
001 000032784
003 8906
005 20221122103731.0
008 151002s2005 000
082 |a 423  |b HO-A 
100 |a AS. Hornby 
245 0 |a Oxford Advanced Learner's Dictionary of Current English /  |c AS. Hornby. 
260 |c 2005. 
300 |a 1715tr. : ;  |c 24cm. 
653 |a Learner's Dictionary  |a Current English 
OWN |a LNN 
AVA |a UDN50  |b LNN  |c English  |d 423  |e available  |t Error 5001 Not defined in file expand_doc_bib_avail.  |f 1  |g 0  |h N  |i 0  |j AN  |k 1 
999 |a From the UDN01 
AVA |a UDN50  |b LNN  |c English  |d 423  |e available  |t Error 5001 Not defined in file expand_doc_bib_avail.  |f 1  |g 0  |h N  |i 0  |j AN  |k 1 
TYP |a Printed language 
980 |a Mạng thư viện Đại học Đà Nẵng